01778nam a2200349 i 4500003000900000005001700009008004100026040004600067041000900113082002600122092000700148099004300155100004000198245009700238250003900335264006100374300003100435336002200466337002400488338003300512504006100545546009600606650002800702700005800730856005700788905000700845942001900852999001700871952018000888952018001068952018001248EG-GICUC20260121101542.0251228s1999    ua ||||f |||| 000 0 ara d  a EG-GICUCbarac EG-GICUCd EG-GICUCerda  aara 04221a343.6bي س . ع04221  aLaw1 10	343.6 ي س . ع	17  ed - 19990 aيسر انور عليeمؤلف.10aعلم الاجرام /cيسر أنور علي, أمال عبدالرحيم عثمان.  aالطبعة السابعة عشر 1aالقاهرة :b[الناشر غير محدد],c1999.  a375 ؛ صفحة c24 سم.  2rda contentatext  2rda mediaaComputer  2rda carrieraOnline Resource  aيحتوي على ارجاعات ببليوجرافية
  aالنص أغلبه باللغة العربية مع بعض النصوص الفرنسية14aعلم الإجرام0 aأمال عبدالرحيم عثمانeمؤلف.40uhttps://fll.law.cu.edu.eg/fulltext/bks/+10-07319.pdf  a75  2ddccBKe21n0  c52790d52790  00102ddc40718القانون الجنائيaCUbLAW1d2025-12-28l0oLaw1 10	343.6 ي س . ع	17  ed - 1999 1007319	C1pB10-07319r2025-12-28 12:47:00t1w2025-12-28yBK  00102ddc40708القانون الجنائيaCUbLAW1d2025-12-28l0oLaw1 10	343.6 ي س . ع	17  ed - 1999 1007320	C2pB10-07320r2025-12-28 12:48:19t2w2025-12-28yBK  00102ddc40708القانون الجنائيaCUbLAW1d2026-01-01l0oLaw2 10 343.6 ي س . ع 17  ed - 1999 1007099 C3pB10-07099r2026-01-01 15:56:53t3w2026-01-01yBK